La dimensión de las actividades culturales, creativas y TIC en España : (Record no. 194955)

MARC details
000 -LEADER
campo de control de longitud fija 02313nam a2200397 i 4500
001 - NÚMERO DE CONTROL
campo de control 194955
003 - IDENTIFICADOR DE NÚMERO DE CONTROL
campo de control ES-MaACL
005 - FECHA Y HORA DE LA ÚLTIMA TRANSACCIÓN
campo de control 20250902225558.0
007 - CAMPO FIJO DE DESCRIPCIÓN FÍSICA--INFORMACIÓN GENERAL
campo de control de longitud fija cr#|||||||||||
008 - DATOS DE LONGITUD FIJA--INFORMACIÓN GENERAL
campo de control de longitud fija 240321s2022 sp s 000 0 spa d
020 ## - NÚMERO INTERNACIONAL ESTÁNDAR DEL LIBRO
Número Internacional Estándar del Libro 9788492937899
040 ## - FUENTE DE CATALOGACIÓN
Centro catalogador/agencia de origen ES-MaCSI
Lengua de catalogación spa
Centro/agencia transcriptor ES-MaACL
080 ## - NÚMERO DE LA CLASIFICACIÓN DECIMAL UNIVERSAL
Número de la Clasificación Decimal Universal 008:33
080 ## - NÚMERO DE LA CLASIFICACIÓN DECIMAL UNIVERSAL
Número de la Clasificación Decimal Universal 338.46
080 ## - NÚMERO DE LA CLASIFICACIÓN DECIMAL UNIVERSAL
Número de la Clasificación Decimal Universal 351.85
100 1# - ENTRADA PRINCIPAL--NOMBRE DE PERSONA
Nombre de persona Mas, Matilde
9 (RLIN) 78620
Término indicativo de función/relación Autor
245 13 - MENCIÓN DEL TÍTULO
Título La dimensión de las actividades culturales, creativas y TIC en España :
Resto del título Evolución temporal y comparación internacional /
Mención de responsabilidad, etc. Matilde Mas Ivars, Juan Fernández de Guevara Radoselovics, Juan Carlos Robledo Domínguez.
260 ## - PUBLICACIÓN, DISTRIBUCIÓN, ETC.
Lugar de publicación, distribución, etc. Bilbao :
Nombre del editor, distribuidor, etc. Fundación BBVA,
Fecha de publicación, distribución, etc. 2022.
300 ## - DESCRIPCIÓN FÍSICA
Extensión 229 páginas ;
Dimensiones 24 cm
336 ## - TIPO DE CONTENIDO
Fuente rdacontent
Término de tipo de contenido texto
337 ## - TIPO DE MEDIO
Fuente rdamedia
Nombre/término del tipo de medio sin mediación
338 ## - TIPO DE SOPORTE
Fuente rdacarrier
Nombre/término del tipo de soporte volumen
520 ## - RESUMEN, ETC.
Sumario, etc. Durante la última década han sido muy numerosos los trabajos que destacan la importancia de las actividades culturales y creativas, y su vinculación con la revolución tecnológica de las tecnologías de la información y la comunicación (TIC). En paralelo, se han desarrollado iniciativas para delimitar las actividades que deberían incorporar y los problemas de medición que plantean (Unesco, OCDE, Comisión Europea, Ministerio de Cultura y Deporte, etc.). El principal problema es que las fronteras de este tipo de actividades no están del todo bien definidas, pues cubren ámbitos de actividad muy distintos, desde las obras de arte hasta las telecomunicaciones y el software en algunas definiciones.
650 #0 - PUNTO DE ACCESO ADICIONAL DE MATERIA--TÉRMINO DE MATERIA
Término de materia o nombre geográfico como elemento de entrada Tecnología de la información-
Subdivisión general Actividad
Fuente del encabezamiento o término CSICAU
9 (RLIN) 236566
650 #0 - PUNTO DE ACCESO ADICIONAL DE MATERIA--TÉRMINO DE MATERIA
Término de materia o nombre geográfico como elemento de entrada Actividades recreativas
Fuente del encabezamiento o término CSICAU
9 (RLIN) 236567
650 #7 - PUNTO DE ACCESO ADICIONAL DE MATERIA--TÉRMINO DE MATERIA
Término de materia o nombre geográfico como elemento de entrada Industria cultural-
9 (RLIN) 155877
Subdivisión geográfica España
700 ## - ENTRADA AGREGADA--NOMBRE PERSONAL
Nombre de persona Fernández de Guevara Radoselovics, Juan
9 (RLIN) 236568
Término indicativo de función/relación Autor
700 1# - ENTRADA AGREGADA--NOMBRE PERSONAL
Nombre de persona Robledo Domínguez, Juan Carlos
9 (RLIN) 152138
Término indicativo de función/relación Autor
710 2# - ENTRADA AGREGADA--NOMBRE DE ENTIDAD CORPORATIVA
Nombre de entidad corporativa o nombre de jurisdicción como elemento de entrada Fundación BBVA
9 (RLIN) 4230
852 ## - LOCALIZACIÓN
Ubicación ES-MaACL
Ubicación en estantería Depósito J
Número de control de estantería N-9923
Encuadernación Encuadernación rústica con solapas
Donativo/Legado Donación: Editorial
itemnumber 205845
942 ## - ELEMENTOS DE ENTRADA SECUNDARIOS (KOHA)
Tipo de ítem Koha Libro impreso
Suprimir en OPAC No
Holdings
Estatus retirado Estado de pérdida Fuente del sistema de clasificación o colocación Estado de daño No para préstamo Biblioteca de origen Biblioteca actual Ubicación en estantería Fecha de adquisición Fuente de adquisición Total de préstamos Signatura topográfica completa Código de barras Visto por última vez Precio de reemplazo Tipo de ítem Koha
    Clasificación decimal universal     Biblioteca del Ateneo de Madrid Biblioteca del Ateneo de Madrid Depósito J 26/05/2025 Donación   N-9923 101230182 26/05/2025 26/05/2025 Libro impreso